Statistics for 20 grootste steden in Nederland

Click here to take the quiz!

General Stats

  • This quiz has been taken 385 times
  • The average score is 12 of 20

Answer Stats

HintAnswer% Correct
9Amsterdam
99%
14Rotterdam
97%
11Utrecht
94%
12Den Haag
93%
2Groningen
91%
20Maastricht
85%
19Eindhoven
83%
3Leeuwarden
74%
17Tilburg
74%
10Arnhem
73%
16Nijmegen
69%
6Zwolle
69%
8Haarlem
68%
4Assen
61%
15Dordrecht
30%
5Den Helder
28%
1Delfzijl
9%
7Ijmuiden
7%
18Terneuzen
7%
13Europoort
4%

Score Distribution

Percentile by Number Answered

Percent of People with Each Score

Your Score History

You have not taken this quiz